Merits and possibilities of a European fund structure for venture capital funds : Report from a workshop held on 21 June 2005 in Brussels
Saved in:
| Format: | Book |
|---|---|
| Language: | English |
| Published: |
Brussels,
2005
|
| Subjects: | |
| Online Access: |
|
| Tags: |
Add Tag
No Tags, Be the first to tag this record!
|
MARC
| LEADER | 00000nlm a2200000 4500 | ||
|---|---|---|---|
| 003 | SK-BrCVT | ||
| 005 | 20220617234456.0 | ||
| 008 | 051020s2005 be e ||||||eng d | ||
| 035 | |a CVTIDW1301230 | ||
| 040 | |b slo |a EURO:i:portál |e AACR2 | ||
| 041 | 0 | |a eng | |
| 044 | |a be | ||
| 245 | 1 | 0 | |a Merits and possibilities of a European fund structure for venture capital funds : |b Report from a workshop held on 21 June 2005 in Brussels |h [elektronický zdroj] |
| 260 | |a Brussels, |c 2005 | ||
| 300 | |a 11 s. | ||
| 500 | |a 9 | ||
| 653 | 1 | |a európsky fond |a rizikový kapitál |a podpora |a prekážky |a cezhraničné investície |a pdf | |
| 692 | |a MU | ||
| 856 | 4 | |u http://www.edis.sk/ekes/efs_report.pdf | |
| 910 | |b KED01304 | ||
| 959 | |a TS0820 | ||
| 974 | |f Knihy neprofilové | ||
| 992 | |a SUD | ||
| 999 | |c 172868 |d 172868 | ||